The Lucky One lyrics - Statistics

General Stats
  • This quiz has been taken 86 times
  • The average score is 267 of 327
Answer Stats
Lyrics % Correct
lucky
100%
on
100%
one
100%
the
100%
a
98%
and
98%
And
98%
You
98%
you
98%
your
98%
you're
98%
they
95%
They
95%
I
93%
tell
93%
But
90%
but
90%
don't
88%
So
88%
so
88%
that
88%
In
85%
in
85%
it
85%
It
85%
now,
85%
Now
85%
now
85%
to
85%
'Cause
83%
me
83%
Oh,
83%
oh,
83%
oh
83%
up
83%
feel
80%
just
80%
pretty,
80%
used
80%
can
78%
Can
78%
confused
78%
like
78%
got
75%
is
75%
name
75%
out
75%
they'll
75%
all
73%
how
73%
How
73%
lights,
73%
lights
73%
make
73%
over
73%
Yeah,
73%
Yeah
73%
you'll
73%
if
70%
look
70%
of
70%
was
70%
with
70%
alive
68%
goes
68%
hell
68%
made
68%
place
68%
right
68%
say
68%
sky
68%
some
68%
take
68%
think
68%
took
68%
dream
65%
it's
65%
know
65%
line
65%
loves
65%
Madison
65%
my
65%
New
65%
Square
65%
diamonds
63%
dignity
63%
Garden
63%
money
63%
queen
63%
town
63%
were
63%
wonder
63%
young
63%
camera
60%
city,
60%
cool
60%
even
60%
Everybody
60%
everybody
60%
fame
60%
flashes
60%
fortune
60%
Rose
60%
still
60%
things
60%
time,
60%
understand
60%
years
60%
big
58%
disappeared
58%
doesn't
58%
few
58%
front
58%
had
58%
here
58%
news
58%
page
58%
sixties'
58%
angel's
55%
Another
55%
black
55%
bought
55%
Chose
55%
later
55%
Let
55%
let
55%
lover
55%
school
55%
somewhere
55%
splashed
55%
bunch
53%
cars
53%
end
53%
figured
53%
land
53%
legend
53%
overnight,
53%
Riviera
53%
showed
53%
views
53%
foyer
50%
secrets
50%
since
50%
chasing
48%
No matching quizzes found
Score Distribution
Percent of People with Each Score
Percentile by Number Answered
Your Score History
You have not taken this quiz